Formula 1 - Closest Finishes - Statistics

General Stats
  • This quiz has been taken 45 times
  • The average score is 17 of 30
Answer Stats
Answer % Correct
Lewis Hamilton
95%
Max Verstappen
92%
Michael Schumacher
89%
Michael Schumacher
89%
Michael Schumacher
89%
Rubens Barrichello
84%
Rubens Barrichello
84%
Rubens Barrichello
84%
Indianapolis (USA) - 2002
76%
Ayrton Senna
74%
Juan Manuel Fangio
74%
Jackie Stewart
58%
Nigel Mansell
58%
A1 Ring (Austria) - 2002
55%
Österreichring (Austria) - 1982
55%
Monza (Italy) - 1969
53%
Monza (Italy) - 1971
53%
Keke Rosberg
50%
Ronnie Peterson
47%
Jochen Rindt
45%
Reims-Gueux (France) - 1954
45%
Reims-Gueux (France) - 1961
45%
Jerez (Spain) - 1986
42%
Montreal (Canada) - 2000
39%
Albert Park (Australia) - 2023
32%
Elio De Angelis
32%
Dan Gurney
29%
Giancarlo Baghetti
21%
Karl Kling
21%
Peter Gethin
21%
No matching quizzes found
Score Distribution
Percent of People with Each Score
Percentile by Number Answered
Your Score History
You have not taken this quiz